000 00256nam a2200109Ia 4500
008 190907s9999||||xx |||||||||||||| ||und||
100 _aBerman, Evans
245 0 _aRetail Management
260 _aCanada
_bPrentice Hall
_c2009
300 _a682
942 _cBK
999 _c6321
_d6321